| 000 | 00874nam a22002531 4500 | ||
|---|---|---|---|
| 001 | 9556 | ||
| 003 | BD-RjUL | ||
| 005 | 20211208234810.0 | ||
| 008 | 140121s1954 nyua 000 0 eng | ||
| 035 | _a(BD-RjUL) 9601 | ||
| 040 |
_aDLC/ICU _cICU _dDLC _dBD-RjUL _beng |
||
| 041 | _aeng | ||
| 082 | 0 | 0 |
_a541.37 _bDEN 1966 |
| 100 | 1 |
_aDelahay, Paul. _929609 |
|
| 245 | 1 | 0 |
_aNew instrumental methods in electrochemistry : _btheory, instrumentation, and applications to analytical and physical chemistry / _cPaul Delahay. |
| 246 |
_aWith a chapter on high-frequency methods / _bby Charles N. Reilley. Foreword by I.M. Kolthoff. |
||
| 260 |
_aNew York, _bInterscience Publishers, _c1954. |
||
| 300 |
_axvii, 437 p. : _billus. ; _c24 cm. |
||
| 504 | _aIncludes index. | ||
| 650 | 0 |
_aElectrochemistry. _929572 |
|
| 942 |
_2ddc _cBK |
||
| 999 |
_c9556 _d9556 |
||